Karcinóm žlčníka - časté ochorenie vo vyššom veku

Podrobná bibliografia
Hlavní autori: Špaček, F. (Autor), Vichová, B. (Autor), Oravský, M. (Autor), Bak, V. (Autor), Petríková, T. (Autor), Schnorrer, M. (Autor)
Médium: Článok
Jazyk:slovenčina

MARC

LEADER 00000nab a2200000 a 4500
001 vtls010735559
003 SK-MaSNL
005 20260304190232.0
008 250709s2009 xo |||||||||||||||||slo|
035 |a (urnnbn)urn:nbn:sk:snk:ar-a05g77 
035 |a (uuid)1b51605a-6998-4b25-82ba-35e238f98996 
035 |a urn:nbn:sk:snk-ab3x5w 
040 |a SNKBUCL  |b slo  |c SNKBUCL  |e AACR2 
041 0 |a slo 
044 |a xo  |c SK 
100 1 |a Špaček, F.  |4 aut  |9 1003275 
245 1 0 |a Karcinóm žlčníka - časté ochorenie vo vyššom veku  |c F. Špaček, B. Vichová, M. Oravský, V. Bak, T. Petríková, M. Schnorrer 
700 1 |a Vichová, B.  |4 aut  |9 781152 
700 1 |a Oravský, M.  |4 aut  |9 620244 
700 1 |a Bak, V.  |4 aut  |9 1141361 
700 1 |a Petríková, T.  |4 aut  |9 1289082 
700 1 |a Schnorrer, M.  |4 aut  |9 925342 
773 0 |t Geriatria : odborný časopis českých a slovenských geriatrov  |g Roč. 15, č. 2 (2009), s. 54-62 
850 |a Slovenská národná knižnica 
852 |a Slovenská národná knižnica 
954 |a odborná, vedecká literatúra pôvodná (slovenská)  |2 lita 
958 |a article1 
958 |a OND 
958 |a EUIPO 
999 |c 3049335  |d 3051265